LEADER 02939nam 2200649Ia 450 001 9910462515303321 005 20211120002656.0 010 $a3-11-087710-4 024 7 $a10.1515/9783110877106 035 $a(CKB)2670000000251274 035 $a(EBL)936686 035 $a(OCoLC)843635461 035 $a(SSID)ssj0000560289 035 $a(PQKBManifestationID)11338103 035 $a(PQKBTitleCode)TC0000560289 035 $a(PQKBWorkID)10586707 035 $a(PQKB)11060597 035 $a(MiAaPQ)EBC936686 035 $a(WaSeSS)Ind00012701 035 $a(DE-B1597)55038 035 $a(OCoLC)979592880 035 $a(DE-B1597)9783110877106 035 $a(Au-PeEL)EBL936686 035 $a(CaPaEBR)ebr10598229 035 $a(EXLCZ)992670000000251274 100 $a19910712d1991 uy 0 101 0 $aeng 135 $aurnn#---|u||u 181 $ctxt 182 $cc 183 $acr 200 10$aTowards a feminist critical reading of the Gospel according to Matthew$b[electronic resource] /$fElaine Mary Wainwright 205 $aReprint 2010 210 $aBerlin ;$aNew York $cDe Gruyter$d1991 215 $a1 online resource (436 p.) 225 1 $aBeihefte zur Zeitschrift fu?r die neutestamentliche Wissenschaft und die Kunde der a?lteren Kirche,$x0171-6441 ;$vBd. 60 300 $aOriginally presented as the author's thesis (Ph. D.)--University of Queensland, 1990. 311 0 $a3-11-012860-8 320 $aIncludes bibliographical references and index. 327 $tFront matter --$tINTRODUCTION --$t1. A THEORETICAL FRAMEWORK --$t2. INCLUSION WITHIN THE TEXT -A NARRATIVE CRITICAL READING --$t3. INCLUSION WITHIN THE FORMATION OF THE TEXT - THE PROLOGUE --$t4. INCLUSION WITHIN THE FORMATION OF THE TEXT - THE MIRACLE STORIES - 8:14-15; 9:18-26 --$t5. INCLUSION WITHIN THE FORMATION OF THE TEXT - THE CANAANITE WOMAN - 15:21-28 --$t6. INCLUSION WITHIN THE FORMATION OF THE TEXT - STORIES OF WOMEN IN THE JOURNEY TO JERUSALEM, PASSION AND RESURRECTION --$t7. INCLUSION WITHIN HISTORY --$tCONCLUSION --$tBIBLIOGRAPHY --$tINDEX --$tBack matter 330 $aTowards a Feminist Critical Reading of the Gospel According to Matthew (Beihefte Zur Zeitschrift Fur Die Neutestamentliche Wissenschaft Und Die Kunde Der Alteren Kirche). 410 0$aBeihefte zur Zeitschrift fu?r die neutestamentliche Wissenschaft und die Kunde der a?lteren Kirche ;$vBeiheft 60. 606 $aWomen in the Bible 606 $aWomen$xBiblical teaching 608 $aElectronic books. 615 0$aWomen in the Bible. 615 0$aWomen$xBiblical teaching. 676 $a225.6 s 676 $a226.2/06/082 700 $aWainwright$b Elaine Mary$f1948-$0889746 801 0$bMiAaPQ 801 1$bMiAaPQ 801 2$bMiAaPQ 906 $aBOOK 912 $a9910462515303321 996 $aTowards a feminist critical reading of the Gospel according to Matthew$92434823 997 $aUNINA LEADER 02128nas# 2200325 i 450 001 VAN0000945 005 20230302103919.721 011 $a1035-6654 100 $a20061122a1997 |0itac50 ba 101 $aeng 102 $aUS 105 $a|||| ||||| 110 $aaQ||||||||| 200 1 $aComparative labor law & policy journal$fUniversity of Illinois college of law 210 $aPennsylvania$cUniversity of Illinois college of law$d1997- 215 $avolumi$d26 cm 430 1$1001VAN0000361$12001 $aComparative labor law journal$fa publication of the Law school and the Wharton school of the University of Pennsylvania and the US National branch of the International society for labor law and social security$1210 $aPhiladelphia$cUniversity of Pennsylvania$d1986-1997$1215 $a18 volumi$d26 cm 517 1$3VAN0079630$aComparative labor law and policy journal. 606 $aDiritto del lavoro comparato$3VANC019632$2FI 620 $dPhiladelphia$3VANL000037 676 $a341.76305$cDiritto internazionale del lavoro. Pubblicazioni in serie$v21 712 02$aInternational society for labour law and social security$3VANV000343 712 $aUniversity of Philadelphia$3VANV109599$4650 801 $aIT$bSOL$c20230616$gRICA 856 4 $uhttp://www.heinonline.org/HOL/Index?index=journals/cllpj&collection=journals$zhttp://www.heinonline.org/HOL/Index?index=journals/cllpj&collection=journals 899 $aBIBLIOTECA DEL DIPARTIMENTO DI GIURISPRUDENZA$1IT-CE0105$2VAN00$41997-2000; lac. 1998; 2000;$cSALA LETTURA sc. 10 ; 912 $aVAN0000945 950 $aBIBLIOTECA DEL DIPARTIMENTO DI GIURISPRUDENZA$b001997-2000; lac. 1998; 2000;$d00RIV SALA AZZURRA sc. 10 1997 $e00RIV6597 20160201 $d00RIV SALA AZZURRA sc. 10 1998 $e00RIV6598 20160201 $d00RIV SALA AZZURRA sc. 10 1999 $e00RIV65099 20160201 $d00RIV SALA AZZURRA sc. 10 2000 $e00RIV66000 20160201 996 $aComparative labor law & policy journal$9978352 997 $aUNICAMPANIA